Un mot - une lettre = 1 pays #3 - Statistiques

Statistiques générales
  • Ce quiz a été pris 73 fois
  • Le résultat moyen est 7 sur 10
Statistiques - réponses
Mots Pays % Correct
Tarin - T Iran
98%
Hangar - R Ghana
92%
Cierge - I Grèce
92%
Maçon - C Oman
85%
Alors - R Laos
83%
Uranus - S Nauru
74%
Plante - T Népal
71%
Humanitaire - H Mauritanie
53%
Noisette - T Estonie
39%
Bucherait - B Autriche
36%
Aucun quiz correspondant
Distribution des résultats
% des personnes avec chaque résultat
Percentile par nombre de réponses
Votre historique - résultats
Vous n’avez pas pris ce quiz